La sabateta al balcó (Record no. 165523)
[ view plain ]
| 000 -LEADER | |
|---|---|
| campo de control de longitud fija | 00909nam a22001935i 4500 |
| 001 - NÚMERO DE CONTROL | |
| campo de control | 165523 |
| 003 - IDENTIFICADOR DE NÚMERO DE CONTROL | |
| campo de control | ES-MaACL |
| 005 - FECHA Y HORA DE LA ÚLTIMA TRANSACCIÓN | |
| campo de control | 20260201063017.0 |
| 008 - DATOS DE LONGITUD FIJA--INFORMACIÓN GENERAL | |
| campo de control de longitud fija | 050830s1868 sp | |||||||| ||cat d |
| 040 ## - FUENTE DE CATALOGACIÓN | |
| Centro catalogador/agencia de origen | CAM |
| Lengua de catalogación | spa |
| Centro/agencia transcriptor | CAM |
| 100 1# - ENTRADA PRINCIPAL--NOMBRE DE PERSONA | |
| Nombre de persona | Pitarra, Serafí, |
| Fechas asociadas al nombre | 1839-1895 |
| 9 (RLIN) | 92408 |
| 245 13 - MENCIÓN DEL TÍTULO | |
| Título | La sabateta al balcó |
| Resto del título | : comedia en dos actes y en vers / |
| Mención de responsabilidad, etc. | original de Serafí Pitarra. |
| 260 ## - PUBLICACIÓN, DISTRIBUCIÓN, ETC. | |
| Lugar de publicación, distribución, etc. | Barcelona : |
| Nombre del editor, distribuidor, etc. | Librería Espanyola de I. López, |
| Fecha de publicación, distribución, etc. | 1868. |
| 300 ## - DESCRIPCIÓN FÍSICA | |
| Extensión | 48 p. ; |
| Dimensiones | 18 cm. |
| 500 ## - NOTA GENERAL | |
| Nota general | En port.: Estrenada en el Teatro del Odeón la noche del 10 de febrero de 1868. |
| 594 ## - Nota al título y mención de responsabilidad | |
| Nota al título y mención de responsabilidad | Serafí Pitarra es seud. de Frederic Soler. |
| 852 ## - LOCALIZACIÓN | |
| Ubicación | ES-MaACL |
| Número de control de estantería | F-8597(3) |
| Nota libre | -- Enc. pasta española, falto de la enc. original |
| -- | --Firma manuscrita de Gustavo Sáenz Díez, 1877 |
| -- | -- Enc. en un vol. facticio formando parte de la col. facticia "Teatro español moderno", vol. 50 |
| Estatus retirado | Estado de pérdida | Estado de daño | No para préstamo | Colección | Biblioteca de origen | Biblioteca actual | Ubicación en estantería | Fecha de adquisición | Total de préstamos | Signatura topográfica completa | Código de barras | Visto por última vez | Precio de reemplazo | Tipo de ítem Koha |
|---|---|---|---|---|---|---|---|---|---|---|---|---|---|---|
| Libros del s. XIX | Biblioteca del Ateneo de Madrid | Biblioteca del Ateneo de Madrid | Sala Pecera Planta 2 | 17/01/2008 | F-8597(3) | 1173583 | 23/02/2023 | 23/02/2023 | Libro impreso antiguo |
